[Event "Titled Tue 7th Jan Late"]
[Site "chess.com INT"]
[Date "2025.01.07"]
[Round "9"]
[White "Dreev, A.."]
[Black "Caruana, F.."]
[Result "0-1"]
[WhiteElo "2590"]
[BlackElo "2803"]
[PlyCount "48"]
[EventDate "2025.01.07"]

1. d4 {Sumets,Andrey} Nf6 2. c4 e6 3. Nc3 Bb4 4. Qc2 d5 5. a3 Bxc3+ 6. Qxc3 O-O 7. Nf3 Nbd7 8. g3 ({RR} 8. Bg5 h6 9. Bh4 c5 10. e3 cxd4 ({RR} 10... b6 11. cxd5 exd5 12. Nd2 Qe7 13. Rc1 ({RR} 13. Bb5 Qe6 14. O-O a6 15. Be2 Bb7 16. dxc5 bxc5 17. Bxf6 Qxf6 18. Qxf6 Nxf6 19. Rfc1) 13... Qe6 14. Bd3 g5 15. Bg3 Nh5 16. O-O Nxg3 17. hxg3 c4 18. Be2 Nf6) 11. Qxd4 Re8 12. Bxf6 ({RR} 12. cxd5 e5 ({RR} 12... Qa5+ 13. b4 Qxd5 14. Be2 e5 15. Qb2 Ne4 16. O-O Nb6 17. Rfd1) ({RR} 12... exd5 13. Bd3) 13. Bxf6 ({RR} 13. Qc3 Nxd5 14. Bxd8 Nxc3 15. bxc3 ({RR} 15. Bc7 Nd5 16. Rc1 Nxc7 17. Rxc7 Nb6 18. Bb5 Rd8 19. Ke2 Bf5 ({RR} 19... Be6 20. Rxb7 Nc4 21. Rc7 ({RR} 21. Ba6 e4 22. Nd4 Bg4+ 23. f3 exf3+ 24. gxf3 Bc8) ({RR} 21. Ba4 Nb6 {RR} 22. Bd1 Bc4+ 23. Ke1 Rac8 24. Nxe5 Ba6 25. Rxa7 Rc1) 21... Rab8 22. Bxc4 Rxb2+ 23. Kf1 Rc2 24. Bxe6 Rxc7) 20. Rhc1 Rd5 ({RR} 20... Nd5 21. R7c5 b6 22. R5c4 f6 23. Bc6 Ne7 24. Bxa8 Bd3+ 25. Ke1 Bxc4 26. Rxc4 Rxa8 27. Rc7) 21. R1c5 Rxc5 22. Rxc5 f6) ({RR} 15. Bh4 Ne4 16. Rd1 a6 17. Bd3 Ndc5) 15... Rxd8 16. Rd1 Rf8 17. Bb5 Nc5 18. Nxe5 Be6 19. O-O Rac8) ({RR} 13. Qd2 g5 14. Bg3 g4 15. Nh4 Ne4 16. Qc2 Ndf6 17. Bd3 ({RR} 17. Bc4 b5 ({RR} 17... Qd6 18. O-O Bd7 19. Rad1 Rac8) 18. Bd3 Qxd5 19. O-O Be6 20. Rfd1 Rac8 21. Qe2 Qc5 22. Bxb5 Red8) 17... Qxd5 18. f3 ({RR} 18. Rd1 Be6 19. O-O Rac8 20. Qb1) 18... Nxg3 19. Bc4 Qxc4 20. Qxc4 Nxh1 21. Kf1 Be6 22. Qe2 e4 23. Kg1 exf3 24. gxf3 Bd5 25. Kxh1 Re5) ({RR} 13. Qd1 Qa5+ ({RR} 13... Qb6 14. Qd2 Nc5 15. Bc4 Nfe4 16. Qb4 Nd6 17. Qxb6 axb6 18. Be2 Bf5 19. O-O Nb3 20. Rae1 Be4) 14. Qd2 ({RR} 14. b4 Qxd5 15. Qc2 ({RR} 15. Qxd5 Nxd5 16. Nd2 N7b6 17. Rc1 Be6 18. Ne4 Rec8) 15... Qe4 16. Rc1 ({RR} 16. Bd3 Qg4) 16... Qxc2 17. Rxc2 a5) 14... Qxd2+ 15. Nxd2 Nxd5 16. Rc1 N7b6 17. Ne4 f6 18. Nc5 Re7 19. Bd3 Rc7 20. Ke2) 13... Qxf6 14. Qb4 ({RR} 14. Qc3 Qg6 15. h4 ({RR} 15. Nd2 Nf6 16. d6 Bd7 17. Rd1 Rac8 18. Qd3 e4 19. Qd4 Rc2) 15... e4 16. h5 Qf5 17. Nd4 Qg5 ({RR} 17... Qxd5 18. Nb5) 18. d6 Ne5 ({RR} 18... Nf6 19. Qb3 Qa5+ ({RR} 19... Bg4 20. Qb5 Qxb5 21. Nxb5 Rad8 22. Nxa7 Rxd6 23. Nb5 Rc6 24. Nd4 Rb6 25. b4 Bxh5 26. b5) 20. Qb4 Qxb4+ 21. axb4 Rd8 22. Nb5 a6 23. Rh4 Bg4 24. Nc3 Bxh5 25. Nxe4 Nxe4 26. Rxh5 Rxd6 27. Re5) 19. Bb5 Rd8 ({RR} 19... Qxg2 20. O-O-O Bg4 ({RR} 20... Rd8 21. Rdg1 Qxf2 22. Ne6 Bxe6 23. Qxe5) 21. Rdg1 Qxf2 22. Bxe8) 20. Qc2 Qxg2 21. O-O-O Bh3 22. Rhg1 Rac8 23. Rxg2 Rxc2+ 24. Kxc2 Bxg2 25. Nf5 Bf3 26. Rd5 f6 27. Nd4 Bg4) 14... Qg6 15. Nd2 Nb6 ({RR} 15... Nf6 16. e4 Bd7 17. g3) ({RR} 15... e4 16. g3 Nb6 17. d6 Bd7 18. Nc4) 16. e4 f5 17. Bb5 Qxg2 18. O-O-O Bd7 19. Bxd7 Nxd7 20. f3) 12... Nxf6 13. cxd5 Nxd5 ({RR} 13... Qxd5 14. Qxd5 Nxd5 15. Bb5 Re7) 14. Be2 Nf6 ({RR} 14... e5 15. Qc5 ({RR} 15. Nxe5 Qa5+ 16. b4 ({RR} 16. Kf1 Nxe3+ 17. fxe3 Rxe5 18. Kf2 Bf5) 16... Nxe3 17. fxe3 ({RR} 17. Qxe3 Qxe5 18. Qxe5 Rxe5 19. f3 Be6 20. Kf2) 17... Qxe5 18. Qxe5 Rxe5 19. Kf2) 15... e4 16. Rd1 Be6 17. Nd4 Qg5 18. g3 Bh3) 15. Qxd8 ({RR} 15. O-O Qxd4 16. Nxd4 Bd7 17. Rac1 e5 18. Nf3 Bc6) ({RR} 15. Qe5 Bd7 16. O-O Qb6 17. Rac1 Rac8) ({RR} 15. Qb4 Nd5 16. Qd2 b6 ({RR} 16... Nf6) 17. O-O Bb7 18. Rac1 Qe7) 15... Rxd8 16. O-O Bd7 17. Rfc1 Rac8 18. Kf1 Kf8 19. Ke1 Ke7 20. Ne5 Rxc1+ 21. Rxc1 Rc8 22. Rxc8 Bxc8 {Giri,A (2793)-Anand,V (2762) Moscow 2016 CBM 172 [Sumets,Andrey] ½-½ (31)}) ({RR} 8. e3 b6 9. b3 Bb7 10. Be2 c5 11. O-O Rc8 12. a4 Re8 13. Ba3 Ne4 14. Qb2 cxd4 15. Nxd4 Qg5 16. f4 Qf6 17. Nb5 a6 18. Qxf6 Ndxf6 19. Nd4 dxc4 20. Bxc4 Nd2 21. Rfc1 Nd5 22. Bxd5 Bxd5 {Dreev,A (2606)-Antipov,M (2585) chess.com INT 2024 0-1 (59)}) 8... b6 9. Bg2 Ba6 $146 ({RR} 9... Bb7 10. O-O h6 11. Rd1 Ne4 12. Qc2 Rc8 13. Bf4 Qe7 14. Rac1 Rfd8 15. cxd5 exd5 16. Bxc7 Re8 17. Qd3 Ndf6 18. Bf4 Ng4 19. Be3 Nd6 20. Ne5 Rxc1 21. Bxc1 Nxe5 22. dxe5 Ne4 23. Bf4 g5 24. Be3 {Yoo,C (2455)-Tica,S (2402) Chess.com INT 2020 1-0 (34)}) ({RR} 9... Bb7 10. O-O dxc4 11. Qxc4 c5 12. dxc5 Nxc5 13. Bg5 h6 14. Bf4 Ba6 15. Qc2 Nd5 16. Rfd1 Qe7 17. b4 Nd7 18. Nd4 N7f6 19. Nc6 Qb7 20. a4 Bxe2 21. Rdc1 Bh5 22. Be5 Qd7 23. Bxf6 gxf6 24. Bxd5 {Martinovici,I (2059)-Dicu,R (2251) Arad 2017 0-1 (64)}) 10. Ne5 c5 11. dxc5 Nxe5 12. Qxe5 Bxc4 13. cxb6 axb6 14. Bg5 b5 15. Bxf6 gxf6 16. Qd4 b4 17. Bf3 e5 18. Qd2 f5 19. O-O bxa3 20. bxa3 Qf6 21. Rfc1 e4 22. Bh5 Qe5 23. Qg5+ Kh8 24. f4 Qe6 0-1

[Event "FIDE World Cup 2023"]
[Site "Baku AZE"]
[Date "2023.08.13"]
[Round "5.2"]
[White "Duda, J.."]
[Black "Caruana, F.."]
[Result "0-1"]
[WhiteElo "2732"]
[BlackElo "2782"]
[PlyCount "84"]
[EventDate "2023.07.30"]
[EventType "k.o."]

1. d4 Nf6 2. c4 e6 3. Nc3 Bb4 4. e3 O-O 5. Bd3 c5 6. Nf3 d5 7. cxd5 cxd4 8. exd4 exd5 9. O-O Bg4 10. h3 Bh5 11. g4 Bg6 12. Ne5 ({RR} 12. Ne2 Nc6 13. Bg5 Re8 14. Bxg6 hxg6 15. Rc1 Qd7 16. Bxf6 gxf6 17. Qd3 Re4 18. Ng3 Re7 19. a3 Bd6 20. Rfe1 Rxe1+ 21. Rxe1 Kg7 22. Kg2 Nd8 23. Ne2 Ne6 24. Nd2 Rh8 25. Rh1 Rh4 26. Nf3 Rh8 {Ding,L (2801)-Aronian,L (2775) London 2019 ½-½}) ({RR} 12. Bxg6 hxg6 13. Ne5 Nc6 14. a3 Bxc3 15. bxc3 Ne4 16. Qd3 Nxe5 17. dxe5 Rc8 18. Bb2 Qh4 19. Kg2 Rfd8 20. Rad1 Nc5 21. Qf3 Ne6 22. Qg3 Qxg3+ 23. Kxg3 Nc5 24. f3 Na4 25. Rb1 b6 26. Rfc1 Rc4 {Gerbelli Neto,E (2114)-Weetik,V (2423) chess.com INT 2025 0-1 (41)}) 12... Nbd7 $146 ({RR} 12... Nc6 13. f4 Bxd3 14. Qxd3 Bxc3 15. bxc3 Ne4 16. Ba3 Re8 17. Rab1 f6 18. Nxc6 bxc6 19. Rb7 Qa5 20. c4 Qa6 21. Rc7 dxc4 22. Qe3 c3 23. Be7 c2 24. Qb3+ Kh8 25. Qxc2 Qa5 26. Rd7 f5 27. Qxc6 {Cote Lalumiere,T (1340)-Sambuev,B (2340) Montreal 2011 0-1 (32)}) 13. Nxg6 hxg6 14. Qb3 Bxc3 15. Qxc3 Ne4 16. Qb3 Nb6 17. Kg2 Rc8 18. Be3 f5 19. f3 Nc4 20. Bxe4 fxe4 21. fxe4 Rxf1 22. Rxf1 dxe4 23. Qc3 Kh7 24. Bf4 Qd5 25. Kg3 Rf8 26. Qb4 Rf7 27. Rc1 g5 28. Qxc4 gxf4+ 29. Kg2 f3+ 30. Kf1 Qd7 31. d5 Re7 32. Qc5 Re5 33. Re1 Rxd5 34. Qc2 Qb5+ 35. Kf2 Qb6+ 36. Kf1 Rd4 37. Qf2 Qa6+ 38. Kg1 Qd6 39. Kf1 Rd1 40. Qe3 Qd3+ 41. Kf2 Rd2+ 42. Kg3 f2 0-1

[Event "Titled Tue 11th Jun Late"]
[Site "chess.com INT"]
[Date "2024.06.11"]
[Round "9"]
[White "Erdogmus, Yagiz Kaan"]
[Black "Caruana, F.."]
[Result "0-1"]
[WhiteElo "2569"]
[BlackElo "2805"]
[PlyCount "72"]
[EventDate "2024.06.11"]

1. d4 Nf6 2. c4 e6 3. Nc3 Bb4 4. Qc2 O-O 5. e4 d5 6. e5 Ne4 7. Bd3 c5 8. Nf3 cxd4 9. Nxd4 Qb6 ({RR} 9... Nd7 10. Bf4 Qh4 11. g3 Qh5 12. O-O g5 13. cxd5 Bxc3 14. bxc3 exd5 15. Be3 Nxe5 16. f3 Nc5 17. Bf5 Ne6 18. g4 Qh6 19. Rae1 Nxd4 20. Bxd4 Nc6 21. Be3 Bxf5 22. Qxf5 Qg6 23. Qxg5 Qxg5 24. Bxg5 {Giri,A (2768)-So,W (2760) Warsaw POL 2023 ½-½ (71)}) ({RR} 9... Nd7 10. Bf4 Ndc5 11. O-O Nxd3 12. Qxd3 Bxc3 13. bxc3 b6 14. cxd5 exd5 15. Rfe1 Qh4 16. Qe3 Qh5 17. f3 Nc5 18. Nb5 Be6 19. Bg5 h6 20. Be7 Rfc8 21. Bxc5 Rxc5 22. Nd6 Qg6 23. Re2 Rc6 24. f4 {Sonis,F (2558)-Hollan,M (2371) Bassano del Grappa ITA 2023 1-0 (44)}) 10. Be3 $146 ({RR} 10. Nf3 Qa5 11. O-O Bxc3 12. bxc3 Bd7 13. a4 h6 14. Ba3 Nc5 15. Bb4 Qc7 16. cxd5 exd5 17. a5 Rc8 18. Rfd1 Be6 19. Bf5 Nba6 20. Bxe6 Nxe6 21. Qf5 Qc4 22. Rab1 Nxb4 23. cxb4 a6 24. g3 Qe4 {Collado Barbas,L (2096)-Pablos Tenrero,R (2033) Madrid 2017 1-0 (56)}) 10... Bc5 11. Bxe4 dxe4 12. O-O-O Qc7 13. Nxe4 Bxd4 14. Bxd4 Nc6 15. Bc5 Re8 16. Ng5 g6 17. f4 Qa5 18. Ne4 Kg7 19. Rd3 Nb4 20. Bxb4 Qxb4 21. Nf6 Rh8 22. g4 b6 23. a3 Qc5 24. b4 Qc6 25. Rhd1 Bb7 26. Rd7 Rac8 27. R1d6 Qf3 28. Rd4 Qxa3+ 29. Qb2 Qf3 30. Kb1 Bc6 31. Rxa7 Rhd8 32. Rd6 Qxf4 33. Rxe6 Rd1+ 34. Ka2 Qxc4+ 35. Qb3 Rd2+ 36. Ka3 Qc1+ 0-1

[Event "Winterthur op"]
[Site "Winterthur"]
[Date "2007.10.08"]
[Round "4"]
[White "Galyas, Miklos"]
[Black "Caruana, Fabiano"]
[Result "0-1"]
[WhiteElo "2433"]
[BlackElo "2594"]
[PlyCount "122"]
[EventDate "2007.10.05"]
[EventType "swiss"]
[EventRounds "9"]
[EventCountry "SUI"]
[SourceTitle "CBM 120 Extra"]
[Source "ChessBase"]
[SourceDate "2007.11.01"]
[SourceVersion "1"]
[SourceVersionDate "2007.11.01"]
[SourceQuality "1"]

1. d4 e6 2. c4 Nf6 3. Nc3 Bb4 4. f3 d5 5. a3 Be7 6. e4 dxe4 7. fxe4 e5 8. d5 Bc5 9. Nf3 Bg4 10. Bd3 Nbd7 11. h3 Bxf3 12. Qxf3 c6 13. Bd2 O-O 14. g4 ({RR} 14. Rc1 Bd4 15. b4 a5 16. Ne2 Bb2 17. Rb1 Bxa3 18. bxa5 Bc5 19. Rxb7 cxd5 20. cxd5 Rxa5 21. g4 Ra3 22. Bc1 Ra1 23. Kf1 Nb6 24. Bb5 Qc8 25. Bc6 Nc4 26. Kg2 Nd6 27. Be3 Ra3 28. Bxc5 Rxf3 {Mamedyarov,S (2719)-Anand,V (2788) Moscow 2009 0-1}) ({RR} 14. O-O-O Qe7 15. g4 Rab8 16. g5 Ne8 17. h4 Nd6 18. h5 Bd4 19. Kb1 Nc5 20. Ne2 Nxd3 21. Qxd3 b5 22. Nxd4 exd4 23. Qxd4 bxc4 24. Bb4 Qxe4+ 25. Qxe4 Nxe4 26. Bxf8 Nc3+ 27. Kc1 Nxd1 28. Bd6 Rd8 {Tsvetkov,A (2394)-Filippova,M (2015) Cheliabinsk 2021 1-0}) 14... Bd4 15. g5 $146 ({RR} 15. Rb1 cxd5 16. cxd5 Rc8 17. Ne2 Qb6 18. b4 Ne8 19. Kf1 Nd6 20. Kg2 Nb5 21. a4 Nd6 22. a5 Qd8 23. Rhc1 a6 24. Rxc8 Nxc8 25. Nxd4 exd4 26. Qf2 Ne5 27. Qxd4 Re8 28. Bf4 Qf6 29. Bxe5 Rxe5 {Mamedyarov,S (2756)-Mitkov,M (2392) Plovdiv 2010 ½-½ (54)}) 15... Ne8 16. Ne2 Bxb2 17. Ra2 Qb6 18. Bb4 c5 19. Rxb2 cxb4 20. Rxb4 Qa5 21. O-O Nd6 22. Bb1 Qd8 23. Qg4 a5 24. Rb3 Nxc4 25. Rc1 Rc8 26. Rbc3 Ndb6 27. Ng3 Nd6 28. Kh1 Rxc3 29. Rxc3 Qe7 30. h4 Rc8 31. Nf5 Nxf5 32. Rxc8+ Nxc8 33. exf5 f6 34. d6 Nxd6 35. Ba2+ Kf8 36. Be6 g6 37. fxg6 hxg6 38. Bd5 f5 39. Qe2 Qh7 40. Qxe5 Qxh4+ 41. Kg2 Qxg5+ 42. Kf3 Qg4+ 43. Kf2 Ne4+ 44. Bxe4 Qh4+ 45. Kg1 fxe4 46. Qb8+ Kg7 47. Qxb7+ Kh6 48. Qb2 Qg3+ 49. Kh1 Qh3+ 50. Kg1 Qg4+ 51. Kh2 Qf4+ 52. Kg2 Kh5 53. Qg7 Kg5 54. a4 Qf6 55. Qc7 Qf5 56. Qd6 e3 57. Qe7+ Kf4 58. Qc7+ Qe5 59. Qf7+ Kg5 60. Qf8 e2 61. Qd8+ Kh5 0-1

[Event "Biel GM 42nd"]
[Site "Biel"]
[Date "2009.07.19"]
[Round "1"]
[White "Gelfand, Boris"]
[Black "Caruana, Fabiano"]
[Result "1/2-1/2"]
[WhiteElo "2755"]
[BlackElo "2670"]
[PlyCount "66"]
[EventDate "2009.07.19"]
[EventType "tourn"]
[EventRounds "10"]
[EventCountry "SUI"]
[EventCategory "19"]
[SourceTitle "CBM 132"]
[Source "ChessBase"]
[SourceDate "2009.09.16"]
[SourceVersion "1"]
[SourceVersionDate "2009.09.16"]
[SourceQuality "1"]

1. c4 Nf6 2. d4 e6 3. Nc3 Bb4 4. Qc2 O-O 5. a3 Bxc3+ 6. Qxc3 d5 7. cxd5 exd5 ({RR} 7... Ne4 8. Qc2 exd5 9. Bf4 Nc6 10. e3 Re8 11. Nf3 g5 12. Bg3 h5 13. Bd3 h4 14. Be5 Bf5 15. h3 Nxe5 16. dxe5 Qe7 17. b4 Rac8 18. O-O Bg6 19. Rac1 c6 20. Rfe1 b6 21. Nh2 Qxe5 22. f3 {Carlsen,M (2859)-Caruana,F (2766) chess.com INT 2022 1-0 (43)}) 8. Bg5 ({RR} 8. Bf4 c6 9. e3 Bf5 10. f3 Re8 11. Ne2 Nbd7 12. g4 Bg6 13. h4 h5 14. g5 Nh7 15. Kf2 Nhf8 16. Bh3 Ne6 17. Bg3 c5 18. Bxe6 fxe6 19. dxc5 Rc8 20. b4 e5 21. Rad1 Bf7 22. Rd2 Qe7 {Grandelius,N (2640)-Jia,H (2316) chess.com INT 2025 1-0 (35)}) 8... Qd6 9. f3 Bf5 $146 ({RR} 9... b6 10. Rc1 c6 11. e3 Re8 12. Kf2 Bb7 13. Bd3 Nbd7 14. Ne2 c5 15. Ng3 c4 16. Bb1 b5 17. Nf5 Qb6 18. g4 a5 19. Qc2 g6 20. Nh6+ Kg7 21. h4 b4 22. h5 Qe6 23. Rcg1 Kh8 24. Nxf7+ {Hracek,Z (2604)-Petrik,T (2508) Hustopece 2009 1-0 (34)}) 10. e3 Nbd7 11. Ne2 Rac8 12. b4 Rfe8 13. Bf4 Qe7 14. g4 Be6 15. h4 Nf8 16. h5 h6 17. Ng3 N8h7 18. Qc5 Qd8 19. Qxa7 b6 20. Qa4 Ng5 21. Be2 c5 22. bxc5 bxc5 23. dxc5 Rxc5 24. Bxg5 hxg5 25. Qd4 Rc2 26. h6 Qa5+ 27. Kf2 Rd2 28. Qe5 Nxg4+ 29. fxg4 f6 30. Qd6 d4 31. Qc6 Bd7 32. Qc4+ Be6 33. Qc6 Bd7 1/2-1/2

[Event "Tata Steel-A 82nd"]
[Site "Wijk aan Zee"]
[Date "2020.01.12"]
[Round "2"]
[White "Giri, Anish"]
[Black "Caruana, Fabiano"]
[Result "1/2-1/2"]
[WhiteElo "2768"]
[BlackElo "2822"]
[PlyCount "126"]
[EventDate "2020.01.11"]
[EventType "tourn"]
[EventRounds "13"]
[EventCountry "NED"]
[EventCategory "20"]
[SourceTitle "CBM 194"]
[Source "ChessBase"]
[SourceDate "2020.01.27"]
[SourceVersion "1"]
[SourceVersionDate "2020.01.27"]
[SourceQuality "1"]

1. d4 Nf6 2. c4 e6 3. Nc3 Bb4 4. Qc2 O-O 5. e4 d5 6. e5 Ne4 7. Bd3 c5 8. Nf3 cxd4 9. Nxd4 Nd7 10. Bf4 Qh4 11. g3 Qh5 12. O-O g5 13. cxd5 gxf4 14. dxe6 Nxc3 15. exd7 Bxd7 16. bxc3 Rac8 17. Qd1 Qxd1 18. Raxd1 Bxc3 19. Bf5 Rcd8 20. Bxd7 Rxd7 21. Nf5 Rxd1 22. Rxd1 fxg3 $146 ({RR} 22... Bxe5 23. Rd7 a5 24. Rxb7 fxg3 25. hxg3 Rb8 26. Ra7 Bc3 27. Nh6+ Kg7 28. Nxf7 Bd4 29. Rd7 Bxf2+ 30. Kxf2 Rf8 31. Rd5 Rxf7+ 32. Kg2 Ra7 33. a4 Ra6 34. g4 Kg6 35. Kf3 h6 36. Kf4 Rf6+ 37. Kg3 {Li,C (2720)-Ni,H (2674) China 2017 ½-½ (44)}) 23. hxg3 Bxe5 24. Rd7 b6 25. Rxa7 h5 26. Ra6 Rb8 27. Kg2 Kh7 28. Kf3 Bc3 29. Ra7 Kg6 30. Ne7+ Kg7 31. Rc7 Bf6 32. Nf5+ Kg6 33. Ne3 Bd4 34. Nd5 Ra8 35. Nf4+ Kf6 36. Nxh5+ Kg5 37. Nf4 Ra3+ 38. Ke4 Ra4 39. Kd5 Kg4 40. Rc2 Bc5 41. Rd2 Kf5 42. Ng2 Ra5 43. Kc6 Ke4 44. Ne1 Ra3 45. Rc2 f5 46. Kd7 f4 47. gxf4 Kxf4 48. Ke6 Kg5 49. Kd5 Kf5 50. Re2 Ra4 51. Kc6 Ra3 52. Nc2 Rf3 53. Ne3+ Ke4 54. Kb5 Kd3 55. Rb2 Bd4 56. Rb3+ Ke4 57. Nd1 Rf5+ 58. Kc4 Rc5+ 59. Kb4 Ra5 60. f3+ Kf4 61. Nc3 Bxc3+ 62. Kxc3 Rxa2 63. Rxb6 Kxf3 1/2-1/2

[Event "11th Norway Chess 2023"]
[Site "Stavanger NOR"]
[Date "2023.05.31"]
[Round "2.4"]
[White "Giri, A.."]
[Black "Caruana, F.."]
[Result "1/2-1/2"]
[WhiteElo "2768"]
[BlackElo "2764"]
[PlyCount "132"]
[EventDate "2023.05.30"]

1. d4 Nf6 2. c4 e6 3. Nc3 Bb4 4. f3 d5 5. a3 Bxc3+ 6. bxc3 c5 7. cxd5 Nxd5 8. dxc5 Qa5 9. e4 Ne7 10. Be3 O-O 11. Qb3 Qc7 12. Bb5 Nec6 13. Ne2 Na5 14. Qb4 Nbc6 15. Qa4 Ne5 16. Bd4 Ng6 17. O-O e5 18. Bf2 $146 ({RR} 18. Be3 Rd8 19. Ng3 a6 20. Be2 Nf4 21. Rfd1 Nxe2+ 22. Nxe2 Be6 23. Qb4 Nc4 24. Rxd8+ Rxd8 25. Bf2 Rd2 26. Ng3 Qd7 27. Nf1 Rb2 28. c6 Qxc6 29. Rd1 Qe8 30. Qc5 h6 31. Ne3 Qa4 32. Rd8+ Kh7 {Baum,J (2427)-Stefansson,H (2521) Przeworsk POL 2023 0-1 (45)}) 18... Be6 19. Rab1 Rfd8 20. Qc2 a6 21. Ba4 Nc4 22. Rbd1 Nxa3 23. Qc1 Nc4 24. Bb3 h6 25. h4 Qc6 26. h5 Ne7 27. Rxd8+ Rxd8 28. Rd1 Rd7 29. Qa1 Qc8 30. Nd4 exd4 31. cxd4 b5 32. cxb6 Nxb6 33. d5 Nbxd5 34. exd5 Nxd5 35. Ba4 Rb7 36. Rc1 Rc7 37. Rxc7 Qxc7 38. Bb3 a5 39. Bxd5 Bxd5 40. Qd4 Bb3 41. Qb6 Qc3 42. Qc5 Qa1+ 43. Kh2 Be6 44. Bd4 Qa2 45. Bc3 a4 46. Qd4 f6 47. Qd8+ Kh7 48. Qd3+ Kh8 49. Qd8+ Bg8 50. Bxf6 Qf7 51. Bb2 Qxh5+ 52. Kg1 Qg6 53. Qd4 Kh7 54. Kf2 Bb3 55. Qe4 Qxe4 56. fxe4 h5 57. g3 g5 58. Ke3 h4 59. gxh4 gxh4 60. Kd2 h3 61. Be5 a3 62. Kc1 Ba2 63. Kc2 Kg6 64. Kc3 Be6 65. Kc2 Ba2 66. Kc3 Be6 1/2-1/2

[Event "Titled Tue 7th May Late"]
[Site "chess.com INT"]
[Date "2024.05.07"]
[Round "7"]
[White "Grigoriants, S RUS"]
[Black "Caruana, F.."]
[Result "0-1"]
[WhiteElo "2535"]
[BlackElo "2805"]
[PlyCount "112"]
[EventDate "2024.05.07"]

1. d4 d5 2. c4 e6 3. Nc3 Bb4 4. e3 Nf6 5. Bd3 O-O 6. Nf3 dxc4 7. Bxc4 c5 8. O-O Nc6 9. a3 Ba5 10. Ne2 cxd4 11. Nexd4 Bd7 ({RR} 11... Nxd4 12. Nxd4 Bc7 13. Qe2 Bd7 14. Bd2 Qb8 15. h3 Rc8 16. Rfd1 a6 17. Be1 b5 18. Ba2 Qb7 19. Rac1 Bb6 20. Qf3 Qxf3 21. Nxf3 Rxc1 22. Rxc1 Rc8 23. Rxc8+ Bxc8 24. Bc3 {½-½ (24) Sivuk,V (2544)-Esipenko,A (2704) Sharjah UAE 2024}) 12. b4 Bc7 ({RR} 12... Bb6 13. Bb2 Rc8 14. Rc1 Qe7 15. Qe2 Rfd8 16. Rfd1 Be8 17. h3 h6 18. Bb3 Nxd4 19. Nxd4 Rxc1 20. Rxc1 Qd7 21. Qf3 Rc8 22. Rd1 Qc7 23. Nxe6 fxe6 24. Bxe6+ Bf7 25. Bxc8 Qxc8 26. Bxf6 gxf6 27. Qxf6 {Sheehan,E (2331)-Batsiashvili,N (2476) chess.com INT 2024 1-0 (44)}) 13. Bb2 Qe7 14. Rc1 $146 ({RR} 14. Qc2 Rac8 15. Rac1 a5 16. b5 Nxd4 17. Nxd4 Bd6 18. a4 Ba3 19. Qb3 Bxb2 20. Qxb2 Rfd8 21. Rfd1 b6 22. Nf3 Rc5 23. Ne5 Rdc8 24. Be2 Be8 25. Bf3 Rxc1 26. Rxc1 Qb4 27. Qb1 Rxc1+ 28. Qxc1 Qd6 {Takahashi,T-Wade,R Skopje 1972 1-0 (50)}) 14... Rac8 15. Qe2 a5 16. bxa5 Bxa5 17. Rfd1 h6 18. h3 Rfd8 19. Nb5 Be8 20. Rxd8 Rxd8 21. Rd1 Nd5 22. Bxd5 exd5 23. Nbd4 f6 24. Qc2 Bc7 25. Qf5 Bf7 26. Rc1 Ne5 27. Nb5 Bb8 28. Rc8 Nc4 29. Rxd8+ Qxd8 30. Bd4 Qe8 31. a4 Qe6 32. Qxe6 Bxe6 33. Kf1 Bf5 34. Ke2 Bc2 35. Nc3 Kf7 36. Ne1 Bb3 37. Nd3 Nd6 38. Nf4 Nf5 39. Nfxd5 Ke6 40. Nb4 Bc4+ 41. Ke1 Nxd4 42. exd4 Bd6 43. Nc2 Bb3 44. Kd2 g5 45. Kd3 Kd7 46. Ne3 h5 47. g4 h4 48. Ned5 Ke6 49. Ne3 Bb4 50. Nc4 Bxc3 51. Kxc3 Bxa4 52. d5+ Ke7 53. Kb4 Bd1 54. Kc5 Bxg4 55. hxg4 h3 56. d6+ Ke6 0-1

[Event "Titled Tue 18th Apr Late"]
[Site "chess.com INT"]
[Date "2023.04.18"]
[Round "11"]
[White "Hakobyan, Aram"]
[Black "Caruana, F.."]
[Result "1-0"]
[WhiteElo "2608"]
[BlackElo "2764"]
[PlyCount "103"]
[EventDate "2023.04.18"]

1. d4 Nf6 2. c4 e6 3. Nc3 Bb4 4. e3 O-O 5. a3 Bxc3+ 6. bxc3 d6 7. Ne2 e5 8. Ng3 Re8 9. f3 e4 ({RR} 9... Nc6 10. e4 b6 11. Be2 Ba6 12. O-O Na5 13. Nf5 Nd7 14. Qe1 Bxc4 15. Bxc4 Nxc4 16. Qg3 Qf6 17. Bh6 Qg6 18. Nxg7 Qxg3 19. hxg3 Re7 20. Nf5 Re6 21. Kf2 c6 22. Rh1 d5 23. Rh4 Rae8 24. Ng7 {Hakobyan,A (2620)-Yilmaz,M (2586) chess.com INT 2025 1-0 (68)}) 10. Ra2 Nc6 11. Be2 $146 ({RR} 11. Rf2 b6 12. Nxe4 Nxe4 13. fxe4 Rxe4 14. Qf3 Qe8 15. Bd3 Re7 16. O-O f5 17. Bxf5 Bxf5 18. Qxf5 Rd8 19. e4 Rxe4 20. Qd5+ Kh8 21. Rf8+ Qxf8 22. Rxf8+ Rxf8 23. Qxe4 {1-0 (23) Sivakumar,S (2293)-Sydoryka,V (2295) chess.com INT 2024}) 11... b6 12. O-O Na5 13. fxe4 Nxe4 14. Bd3 Nxg3 15. hxg3 Qg5 16. Raf2 f6 17. e4 Qg4 18. Be2 Qe6 19. g4 Ba6 20. g5 fxg5 21. Bg4 Qh6 22. Rf3 Bxc4 23. Rh3 Qxh3 24. Bxh3 Bxf1 25. Qxf1 Rxe4 26. Bxg5 Rf8 27. Bf5 g6 28. Bxe4 Rxf1+ 29. Kxf1 c6 30. Bf4 d5 31. Bd3 b5 32. Bc7 Nb7 33. Be2 Kf7 34. Bg4 Ke7 35. Bc8 Nd6 36. Bxd6+ Kxd6 37. Kf2 a5 38. Ke3 c5 39. dxc5+ Kxc5 40. Kd3 h6 41. Bd7 g5 42. Be8 g4 43. g3 b4 44. cxb4+ axb4 45. axb4+ Kxb4 46. Kd4 Kb3 47. Kxd5 Kc3 48. Ke4 Kc4 49. Kf4 Kd5 50. Kxg4 Ke6 51. Kh5 Kf6 52. Kxh6 1-0

[Event "Titled Tue 23rd Jan Late"]
[Site "chess.com INT"]
[Date "2024.01.23"]
[Round "7"]
[White "Hakobyan, Aram"]
[Black "Caruana, F.."]
[Result "1/2-1/2"]
[WhiteElo "2616"]
[BlackElo "2804"]
[PlyCount "162"]
[EventDate "2024.01.23"]

1. d4 Nf6 2. c4 e6 3. Nc3 Bb4 4. e3 O-O 5. a3 Bxc3+ 6. bxc3 d6 7. Ne2 c5 8. Ng3 Nc6 9. Ra2 ({RR} 9. Be2 b6 10. e4 Ba6 11. d5 Na5 12. O-O Bxc4 13. Bxc4 Nxc4 14. Qe2 exd5 15. exd5 b5 16. a4 a6 17. Bg5 h6 18. axb5 hxg5 19. Qxc4 axb5 20. Qxb5 Nxd5 21. Ne4 Rxa1 22. Rxa1 Qe7 23. f3 Nxc3 {Valkova,A (2001)-Schloffer,J (2188) Rhodes GRE 2025 0-1 (48)}) 9... Qa5 ({RR} 9... b6 10. e4 Ba6 11. Bg5 h6 12. h4 hxg5 13. hxg5 g6 14. gxf6 Qxf6 15. e5 dxe5 16. d5 Ne7 17. d6 Nf5 18. Ne4 Qd8 19. Qd3 Kg7 20. g4 Bb7 21. Rh3 Nh4 22. g5 Bxe4 23. Qxe4 Nf5 24. Rd2 {Ding Liren (2788)-Nepomniachtchi,I (2795) Astana KAZ 2023 ½-½ (45)}) 10. Rd2 Qxc3 $146 ({RR} 10... d5 11. Bb2 Bd7 12. Be2 dxc4 13. Bxc4 Rac8 14. Bd3 Ne7 15. O-O cxd4 16. cxd4 Bb5 17. e4 Bxd3 18. Rxd3 Nd7 19. d5 exd5 20. Qg4 Ng6 21. Qxd7 Rfd8 22. Qg4 Qb5 23. Rd2 dxe4 24. Rfd1 Re8 25. Nf5 {Sivakumar,S (2321)-Panesar,V (2420) chess.com INT 2024 0-1 (56)}) 11. Bb2 Qa5 12. Bd3 cxd4 13. exd4 e5 14. d5 Ne7 15. O-O Ng6 16. f4 exf4 17. Bxg6 fxg6 18. Rxf4 Bd7 19. h3 Rae8 20. Re2 b5 21. Bxf6 gxf6 22. Rxe8 Bxe8 23. Qd4 f5 24. c5 dxc5 25. Qxc5 Bf7 26. d6 Qb6 27. Qxb6 axb6 28. Rd4 Bc4 29. a4 Rd8 30. axb5 Bxb5 31. Rb4 Bc6 32. Rxb6 Rxd6 33. Ne2 Rd1+ 34. Kf2 Be4 35. Rb2 Rd7 36. Nc3 Bb7 37. Na4 Bc6 38. Nc5 Ra7 39. Rc2 Kf7 40. Nb3 Be4 41. Rd2 Rc7 42. Nd4 Kf6 43. Ne2 g5 44. Ng3 Bb7 45. Nh5+ Kg6 46. g4 fxg4 47. hxg4 Bc8 48. Rd6+ Kf7 49. Rf6+ Kg8 50. Rh6 Bxg4 51. Nf6+ Kg7 52. Rxh7+ Kxf6 53. Rxc7 Be6 54. Kg3 Bf5 55. Rc5 Kg6 56. Kf3 Kf6 57. Ke3 Kg6 58. Kd4 Bg4 59. Ke5 Bf3 60. Ra5 g4 61. Kf4 Kf6 62. Ra6+ Ke7 63. Rb6 Kd7 64. Rg6 Kc7 65. Ke5 Kb7 66. Kd4 Ka7 67. Kc5 Kb7 68. Rg7+ Kc8 69. Kd6 Kb8 70. Ke6 Kc8 71. Ke5 Kb8 72. Kd4 Kc8 73. Kc5 Kb8 74. Kb6 Kc8 75. Kb5 Kb8 76. Kc5 Kc8 77. Kd4 Kb8 78. Rg6 Kc8 79. Ke5 Kc7 80. Kf4 Kd7 81. Rxg4 Bxg4 1/2-1/2